| 000 | 00610nam a2200193 a 4500 | ||
|---|---|---|---|
| 005 | 20210219152841.0 | ||
| 008 | 991125n 000 0 eng u | ||
| 035 | _aUPN01000062990 | ||
| 110 | _aASSOCIATION FOR THE DEVELOPMENT OF COMPUTER-BASED INSTRUCTIONAL SYSTEMS | ||
| 222 | _aEDUCATION MEDIA AND TECHNOLOGY YEARBOOK | ||
| 245 | _aADCIS : Association for the Development of Computer-based instructional systems | ||
| 300 | _a147-149 | ||
| 362 | _a1993 vol. 19 | ||
| 653 | 0 | _aADCIS | |
| 653 | 0 | _aCOMPUTACION EDUCATIVA | |
| 653 | 0 | _aTECNOLOGIA EDUCATIVA | |
| 904 |
_aAC _b000801 |
||
| 905 | _aArticulo | ||
| 999 |
_c61925 _d61925 |
||